Modele opisowe w planowaniu rozwoju gospodarki rynkowej Prace doktorskie i habilitacyjne. Zeszyty naukowe-Seria 2. Zeszyt 98

Salvato in:
Dettagli Bibliografici
Autore principale: Tarajkowski, Jerzy
Natura: Libro
Lingua:polacco
Pubblicazione: Poznan Akademia Ekon. 1987
Edizione:1. wyd.
Tags: Aggiungi Tag
Nessun Tag, puoi essere il primo ad aggiungerne!!

MARC

LEADER 00000nam a2200000 4500
001 c035060
005 20221219123436.5
041 0 |a pol 
044 |a PL 
245 1 0 |a Modele opisowe w planowaniu rozwoju gospodarki rynkowej  |b Prace doktorskie i habilitacyjne. Zeszyty naukowe-Seria 2. Zeszyt 98  |c Jerzy Tarajkowski 
250 |a 1. wyd. 
264 1 |a Poznan  |b Akademia Ekon.  |c 1987 
300 |a 172 s. 
100 1 |a Tarajkowski, Jerzy